| 000 | 00899nam a22001937a 4500 | ||
|---|---|---|---|
| 005 | 20120215152734.0 | ||
| 020 |
_a9788181464804 _c100.00 |
||
| 082 | _aक | ||
| 100 |
_aबलसावर, दीपा _942175 |
||
| 245 |
_aबेबी बेबू भालू / _cदीपा बलसावर;संध्या राव द्वारा अनुदित |
||
| 260 |
_aचैन्नई _bतूलिका पब्लिशिंग _c2008 |
||
| 270 |
_a13, पृथ्वी ऐवन्यु,अभिरमपुरम _bचैन्नई _e600018 |
||
| 300 |
_aअ.पृ _bसचित्र _c18सेमी (अजिल्द) |
||
| 700 |
_942026 _aराव, संध्या |
||
| 700 | _942095 | ||
| 700 | _942167 | ||
| 942 |
_2ddc _cCH _hक _mबलसा |
||
| 999 |
_c62893 _d62893 |
||